000 00760nam a2200241 4500
001 15923
010 _a9789897401015
021 _b478711/21
090 _a15923
100 _a20210806d2021 m y0pory50030103ba
200 1 _aComo evitar um desastre climático
_fBill Gates
_gtrad. Pedro Santos Gomes
205 _a1ª ed.
210 9 _aPorto
_cPorto Editora,
_d2021
215 _a287 p.
_cil.
_d24 cm
304 _aTít. orig.: How to avoid a climate disaster
675 _a502/504
_vBN
_zpor
675 _a551.583
_vBN
_zpor
675 _a620.92
_vBN
_zpor
700 1 _aGates,
_bBill,
_f1951-
702 1 _aGomes,
_bPedro Santos
801 0 _aPT
_bBN
_gRPC
856 4 1 _uhttp://rnod.bnportugal.gov.pt/ImagesBN/winlibimg.aspx?skey=&doc=2077889&img=155112&save=true
990 _cLIVROS